Climate capitalism : global warming and the transformation of the global economy /
"Confronting climate change is now understood as a problem of 'decarbonising' the global economy: ending our dependence on carbon-based fossil fuels. This book explores whether such a transformation is underway, how it might be accelerated, and the complex politics of this process. Gi...
| Main Author: | |
|---|---|
| Other Authors: | |
| Format: | Book |
| Language: | English |
| Published: |
Cambridge ; New York :
Cambridge University Press,
2010.
|
| Subjects: | |
| Online Access: | Contributor biographical information Publisher description Table of contents only Cover image |
MARC
| Tag | First Indicator | Second Indicator | Subfields |
|---|---|---|---|
| LEADER | 00000cam a2200000 a 4500 | ||
| 001 | in00002587321 | ||
| 005 | 20151201153505.0 | ||
| 008 | 100322s2010 enka b 001 0 eng | ||
| 010 | |a 2010012380 | ||
| 015 | |a GBB033384 |2 bnb | ||
| 016 | 7 | |a 015499657 |2 Uk | |
| 020 | |a 9780521194853 | ||
| 020 | |a 0521194857 | ||
| 020 | |a 9780521127288 (pbk.) | ||
| 020 | |a 0521127289 (pbk.) | ||
| 029 | 1 | |a NLGGC |b 325737088 | |
| 029 | 1 | |a CDX |b 11268722 | |
| 029 | 1 | |a CDX |b 11277850 | |
| 029 | 1 | |a AU@ |b 000045507891 | |
| 035 | |a (OCoLC)ocn540143423 | ||
| 035 | |a (OCoLC)540143423 | ||
| 040 | |a DLC |c DLC |d YDX |d UKM |d YDXCP |d BWK |d CDX |d UtOrBLW | ||
| 042 | |a pcc | ||
| 049 | |a TXAM | ||
| 050 | 0 | 0 | |a HC79.P55 |b N49 2010 |
| 082 | 0 | 0 | |a 363.738/746 |2 22 |
| 100 | 1 | |a Newell, Peter |q (Peter John) | |
| 245 | 1 | 0 | |a Climate capitalism : |b global warming and the transformation of the global economy / |c Peter Newell, Matthew Paterson. |
| 264 | 1 | |a Cambridge ; |a New York : |b Cambridge University Press, |c 2010. | |
| 300 | |a xv, 205 pages : |b illustrations ; |c 23 cm. | ||
| 336 | |a text |b txt |2 rdacontent | ||
| 337 | |a unmediated |b n |2 rdamedia | ||
| 338 | |a volume |b nc |2 rdacarrier | ||
| 520 | |a "Confronting climate change is now understood as a problem of 'decarbonising' the global economy: ending our dependence on carbon-based fossil fuels. This book explores whether such a transformation is underway, how it might be accelerated, and the complex politics of this process. Given the dominance of global capitalism and free-market ideologies, decarbonisation is dependent on creating carbon markets and engaging powerful actors in the world of business and finance. Climate Capitalism assesses the huge political dilemmas this poses, and the need to challenge the entrenched power of many corporations, the culture of energy use, and global inequalities in energy consumption. Climate Capitalism is essential reading for anyone wanting to better understand the challenge we face. It will also inform a range of student courses in environmental studies, development studies, international relations, and business programmes"-- |c Provided by publisher. | ||
| 504 | |a Includes bibliographical references and index. | ||
| 505 | 8 | |a Machine generated contents note: Preface; Acknowledgements; List of acronyms; 1. Introducing climate capitalism; 2. Histories of climate, histories of capitalism; 3. Climate for business: from threat to opportunity; 4. Mobilising the power of investors; 5. Searching for flexibility, creating a market; 6. Caps, trades, and profits; 7. Buying our way out of trouble; 8. The limits of climate capitalism; 9. Governing the carbon economy; 10. What futures for climate capitalism?; Conclusions; Glossary; Index. | |
| 650 | 0 | |a Emissions trading. | |
| 650 | 0 | |a Climatic changes |x Economic aspects. | |
| 650 | 0 | |a Pollution |x Economic aspects. | |
| 650 | 0 | |a Capitalism. | |
| 650 | 0 | |a Globalization. | |
| 700 | 1 | |a Paterson, Matthew, |d 1967- | |
| 856 | 4 | 2 | |3 Contributor biographical information |u http://www.loc.gov/catdir/enhancements/fy1007/2010012380-b.html |t 0 |
| 856 | 4 | 2 | |3 Publisher description |u http://www.loc.gov/catdir/enhancements/fy1007/2010012380-d.html |t 0 |
| 856 | 4 | 1 | |3 Table of contents only |u http://www.loc.gov/catdir/enhancements/fy1007/2010012380-t.html |t 0 |
| 856 | 4 | 2 | |3 Cover image |u http://assets.cambridge.org/97805211/94853/cover/9780521194853.jpg |t 0 |
| 938 | |a Blackwell Book Service UK |b BBUK |n L5849483 |c 50.00 | ||
| 938 | |a Coutts Information Services |b COUT |n 11277850 | ||
| 938 | |a YBP Library Services |b YANK |n 3318207 | ||
| 945 | |a PromptCat |b 47356 | ||
| 946 | |a stk | ||
| 947 | |a A14840215862 | ||
| 994 | |a 92 |b TXA | ||
| 948 | |a Cataloged |b h |c 2010/8/16 |d c |e ibarton | ||
| 999 | |a MARS | ||
| 999 | f | f | |s 05a6b54c-8d02-34b0-91a0-8bd5ea881217 |i f2b30027-8ccf-3a24-9d8c-f7e9343e3b42 |t 0 |
| 952 | f | f | |p normal |a Texas A&M University |b College Station |c Sterling C. Evans Library |d Evans: Library Stacks |t 0 |e HC79.P55 N49 2010 |h Library of Congress classification |i unmediated -- volume |m A14840215862 |
| 998 | f | f | |a HC79.P55 N49 2010 |t 0 |l Evans: Library Stacks |